Afirmando la nación: Políticas culturales en Puerto Rico (1949-1968)
Sparad:
| Huvudupphovsman: | |
|---|---|
| Materialtyp: | Bok |
| Språk: | spanska |
| Publicerad: |
San Juan
Ediciones Callejón
2014
|
| Upplaga: | 1a. ed |
| Ämnen: | |
| Taggar: |
Lägg till en tagg
Inga taggar, Lägg till första taggen!
|
MARC
| LEADER | 00000cam a2200000 a 4500 | ||
|---|---|---|---|
| 001 | UCE7477 | ||
| 003 | CL-VaPUC | ||
| 008 | 150612e20140000pr |||||||||||||||||spa|d | ||
| 020 | |a 9781932766592 | ||
| 082 | 0 | 4 | |a 307.1 |b CRU |2 21 |
| 100 | 0 | |a Cruz Santos, Martín |e author |9 580141 | |
| 245 | 1 | 0 | |a Afirmando la nación: Políticas culturales en Puerto Rico (1949-1968) |
| 250 | |a 1a. ed | ||
| 300 | |a 281 p | ||
| 942 | |c BK | ||
| 945 | |d 20150612 13:50:00 |a gsalatino | ||
| 260 | |a San Juan |b Ediciones Callejón |c 2014 | ||
| 650 | 0 | |a Políticas sociales |9 358116 | |
| 651 | 7 | |a PUERTO RICO |2 CL-VaPUC |9 254988 | |
| 583 | |a last modification |c 20150619 04:38:31 |k Rodrigo Vera | ||
| 999 | |c 359567 |d 359565 | ||
| 952 | |0 0 |1 0 |3 erd |4 0 |6 307_100000000000000_CRU_2014 |7 0 |8 A |9 468830 |a BIBCUR |b BIBCUR |i 5164192 |o 307.1 CRU 2014 |p 5164192 |r 2025-04-22 |w 2019-11-23 |y BK |z Catalogado en:20150612 |k PER | ||